[Event "XVIII Najdorf Open 2018"]
[Site "Warsaw"]
[Date "2018.07.15"]
[Round "8"]
[White "Buksa, Nataliya"]
[Black "Tomczak, Jacek"]
[Result "1/2-1/2"]
[WhiteElo "2337"]
[BlackElo "2600"]
[Annotator "TA"]
[PlyCount "89"]
[EventDate "2018.07.08"]
[EventCountry "POL"]
[SourceTitle "playchess.com"]
[Source "ChessBase"]
[SourceQuality "1"]

{[%evp 22,89,62,55,88,64,77,69,102,87,104,88,85,90,76,39,28,34,88,80,95,87,93,87,92,87,89,82,93,85,102,106,102,104,137,132,153,139,153,150,170,77,170,161,195,177,200,170,166,162,309,46,46,0,270,229,210,0,264,136,117,64,64,65,100,55,72,35,40,26]} 1. e4 c5 2. Nf3 d6 3. d4 cxd4 4. Nxd4 Nf6 5. Nc3 a6 6. Be2 e5 7. Nb3 Be7 8. Bg5 Nbd7 9. a4 b6 10. Bc4 Bb7 11. Qe2 O-O 12. O-O {LiveBook: 45 Games} Ne8 {B92: Sicilian Najdorf: 6 Be2} (12... h6 13. Bxf6 Nxf6 14. Rfd1 Ra7 15. Nd5 Bc6 16. Nxf6+ Bxf6 17. Nc1 Bg5 18. Na2 Bxa4 19. Nb4 Qd7 20. Bxa6 Bc6 21. Bc4 Ra5 {½-½ (43) Stellwagen,D (2639)-Kotronias,V (2614) Germany 2008}) 13. Be3 Nc7 14. Rfd1 Kh8 $146 ({Predecessor:} 14... Rb8 15. Nc1 b5 16. axb5 axb5 17. Bxb5 Nxb5 18. Nxb5 Bxe4 19. c4 Nf6 20. Nd3 {1-0 (46) Rogers,I (2526)-Johansen,D (2458) Tuggeranong 2007}) 15. Nd2 Bc6 16. Nf1 f5 17. exf5 $1 Qc8 18. Qd3 (18. Bd5 {is interesting.} Bxd5 19. Nxd5 Nxd5 20. Rxd5 Qc6 21. c4) 18... Nf6 19. Bxb6 Bxg2 ({Better is} 19... d5 $1 $14) 20. Bxc7 $16 Bxf1 21. Rxf1 Qxc7 22. Nd5 Nxd5 23. Bxd5 Rab8 24. b3 a5 25. Rad1 Rf6 26. Kh1 $36 {[%mdl 2048] Keeping Black busy.} Rbf8 {[#]} 27. Be4 $1 Rh6 28. Rg1 Rh4 29. Rg3 Rd8 {Black wants to play ...d5.} 30. Qd5 {And now Qf7 would win.} Bf6 31. Rdg1 (31. Rg2 $18 {and White stays clearly on top.}) 31... Qe7 (31... Qc5 $16) 32. f3 Qa7 33. R3g2 Rh5 34. Rd1 Bh4 35. c4 Qc7 (35... Rh6 $142 36. Qd2 Qc7) 36. Qe6 $2 (36. b4 $18) 36... Rh6 $1 $14 {[%cal Rh6e6]} 37. Qd5 $2 (37. f6 $14 Bxf6 38. Rd5) 37... Rh5 $1 $18 38. Rdg1 Bf6 39. Rd1 Bh4 $1 {[#]} 40. Rg4 (40. b4 $1 $18) 40... Bg5 $16 41. Bc2 ({White should try} 41. Rd3 $16) 41... Bf4 $14 42. Rg2 $1 Rh6 43. Be4 Be3 44. Rd3 Bc5 45. Qb7 {Precision: White = 43%, Black = 45%.} 1/2-1/2

[Event "XVIII Najdorf Open 2018"]
[Site "Warsaw"]
[Date "2018.07.15"]
[Round "8"]
[White "Nowak, Kamil"]
[Black "Polatel, Ali"]
[Result "1-0"]
[WhiteElo "2330"]
[BlackElo "2238"]
[Annotator "NA"]
[PlyCount "91"]
[EventDate "2018.07.08"]
[EventCountry "POL"]
[SourceTitle "playchess.com"]
[Source "ChessBase"]
[SourceQuality "1"]

1. d4 Nf6 2. c4 e6 3. Nf3 b6 4. Nc3 Bb4 5. Qc2 O-O 6. a3 {E32: Nimzoindisch (4.Dc2)} Bxc3+ 7. Qxc3 d5 8. Bg5 dxc4 9. Qxc4 Ba6 10. Qa4 Qd5 (10... Qd7 11. Qc2 c5 12. Bxf6 gxf6 13. Rd1 Qe7 14. g3 Bb7 15. Bg2 Rd8 16. O-O Nd7 {½-½ (30) Mamedyarov,S (2808)-Caruana,F (2816) Paris 2018}) 11. Bxf6 gxf6 12. e3 Bxf1 13. Rxf1 c5 $146 ({Vorgänger:} 13... Nd7 14. Rd1 b5 15. Qc2 {0-1 (35) Holm,R (2124)-Vuilleumier,A (2357) Helsingor 2015}) 14. dxc5 Nc6 15. Ke2 Ne5 16. Rfd1 Qxc5 17. Rac1 Qe7 18. Nxe5 fxe5 19. Rd7 Qg5 20. Qe4 ({Viel schwächer wäre} 20. Rxa7 $6 Qh5+ 21. Kf1 Rxa7 $11) 20... Rac8 {[#]} 21. Rxc8 $16 Rxc8 22. Rxa7 Rc1 23. Ra4 h6 24. h4 Qf6 25. Ra8+ Kg7 26. Rb8 Rc5 27. Qg4+ Qg6 28. Qxg6+ Kxg6 29. Rxb6 e4 30. g3 Kf5 31. Kf1 Ke5 32. b4 Rc1+ 33. Kg2 Ra1 34. Ra6 Kd5 35. b5 f5 36. h5 e5 37. Rxh6 f4 38. gxf4 exf4 39. Rf6 fxe3 40. fxe3 Ra2+ 41. Kg3 Ke5 42. Rf8 Rxa3 43. h6 Rxe3+ 44. Kg4 Re1 45. h7 Rg1+ 46. Kh5 1-0

[Event "XVIII Najdorf Open 2018"]
[Site "Warsaw"]
[Date "2018.07.15"]
[Round "8"]
[White "Kosakowski, Jakub"]
[Black "Balasubramaniam, H."]
[Result "1-0"]
[WhiteElo "2324"]
[BlackElo "2219"]
[Annotator "TA"]
[PlyCount "107"]
[EventDate "2018.07.08"]
[EventCountry "POL"]
[SourceTitle "playchess.com"]
[Source "ChessBase"]
[SourceQuality "1"]

{[%evp 26,107,70,40,68,41,126,122,123,119,130,80,169,79,152,153,175,98,90,82,88,58,58,44,109,102,106,58,112,117,122,101,129,21,63,0,127,90,88,0,143,151,132,120,136,139,127,99,163,98,74,0,171,103,108,114,97,108,104,84,206,184,353,307,430,425,410,420,402,357,352,429,717,715,711,683,547,541,553,527,29991,29992,29992,29993]} 1. e4 c5 2. Nf3 e6 3. d4 cxd4 4. Nxd4 a6 5. c4 Nf6 6. Nc3 Qc7 7. Be2 b6 8. O-O Bb7 9. Qd3 d6 10. f4 Nbd7 11. b4 Be7 {B41: Sicilian: Kan Variation: 5 c4} (11... d5 12. exd5 Bxb4 13. dxe6 Nc5 14. exf7+ Kxf7 15. Qh3 Rad8 16. Nd5 Nxd5 17. cxd5 Bxd5 18. Nc2 Ba5 19. Ne3 Ne4 20. Bb2 Bd2 21. Bh5+ Kg8 22. Nxd5 Qc5+ 23. Kh1 Qxd5 24. Rad1 Qxa2 25. Rxd2 Nxd2 26. Qc3 {1-0 (26) Kollars,D (2498)-Movsesian,S (2671) Germany 2018}) 12. Be3 O-O 13. Rac1 Rac8 14. a3 {LiveBook: 5 Games} Rfe8 15. g4 {[%cal Bg2g4,Bg4g5,Bg5g6][%mdl 32] Threatens to win with g5.} Nf8 (15... g5 $14) 16. g5 N6d7 $146 17. h4 {[%cal Bh2h4,Bh4h5][%mdl 32]} Qb8 18. h5 Bd8 (18... d5 $16) 19. Bg4 (19. Nf3 $18 {is more deadly.}) 19... f6 (19... h6 $142) 20. g6 h6 21. Bd2 (21. Be2 $18) 21... f5 $16 22. exf5 Nf6 23. Bh3 {[%cal Rf5e6]} (23. fxe6 Nxg4 24. Nce2 b5 $17) 23... e5 24. Ne6 Nxh5 (24... Nxe6 $14 25. fxe6 Nxh5) 25. Nd5 $1 e4 26. Qb3 {Nxg7 is the strong threat.} Bxd5 (26... Nxe6 $1 $14 27. fxe6 Bxd5 28. cxd5 b5) 27. cxd5 {Hoping for Rxc8.} Rxc1 28. Rxc1 b5 29. f6 ({White should try} 29. Rc6 $16) 29... Nxf6 $11 30. Nxf8 (30. Rc6 $1 $14) 30... Rxf8 (30... Kxf8 $11 31. Be6 Bb6+ 32. Kf1 Qa8) 31. Be6+ $16 Kh8 32. Be3 ({White should play} 32. Kg2 $16) 32... Nh5 (32... Bb6 $11) 33. Rc8 {[%mdl 1024] White has strong compensation.} Qb7 {Strongly threatening ...Qe7.} 34. Qc2 Qe7 35. Qh2 (35. Qxe4 $6 Nxf4 36. Qxf4 Rxf4 $11) 35... Nf6 36. Bd4 Ng8 (36... Bc7 $16) 37. Rc3 (37. Qg3 $18) 37... Qb7 {[#]} 38. Rc8 (38. Rc6 $1 $16) 38... Qe7 $18 {[#]} 39. Qf2 $40 {[%mdl 128] Black is in trouble.} (39. Qg3 $1 $18) 39... Bc7 $16 40. Rxf8 Qxf8 41. Qe3 (41. Qc2 $6 Qxf4 42. Bxg7+ (42. Qxc7 Qg3+ 43. Kh1 Qf3+ 44. Kh2 Qe2+ 45. Kh1 Qd1+ 46. Bg1 Qf3+ 47. Kh2 Qe2+ 48. Kh1 Qh5+ 49. Bh2 Qf3+ 50. Kg1 Qd1+ 51. Kg2 Qf3+ 52. Kg1 Qd1+ 53. Kg2 Qf3+ 54. Kg1 $11) 42... Kxg7 $11) 41... Nf6 42. Qc3 Qd8 (42... Bd8 $16 {was worth a try.}) 43. Kf1 Nh5 $2 (43... a5 44. Qc6 Ng8) 44. f5 $18 Qe7 (44... Nf6 {is a better defense.} 45. Ke2 a5) 45. Qc1 {[%cal Rc1h6]} e3 46. Bxe3 Bd8 47. Qc6 Nf6 48. Bf4 ({Worse is} 48. Qxa6 Ng4 $11) 48... Ne4 (48... Ng8 $142 49. Bg3 (49. Qxa6 Qh4 $11) 49... h5 50. Qxd6 (50. Bxd6 Qh4 $11) 50... Qf6) 49. Ke2 Bc7 50. Kd3 Nf2+ 51. Kc2 {Black must now prevent f6.} Ne4 52. Kb3 Nf2 53. f6 gxf6 54. Bxh6 {Precision: White = 56%, Black = 33%.} 1-0

[Event "XVIII Najdorf Open 2018"]
[Site "Warsaw"]
[Date "2018.07.15"]
[Round "8"]
[White "Kowalski, Igor"]
[Black "Bharath, Subramaniyam H"]
[Result "0-1"]
[WhiteElo "2324"]
[BlackElo "2231"]
[Annotator "TA"]
[PlyCount "152"]
[EventDate "2018.07.08"]
[EventCountry "POL"]
[SourceTitle "playchess.com"]
[Source "ChessBase"]
[SourceQuality "1"]

{[%evp 26,152,67,69,52,38,41,47,93,81,86,41,49,54,58,62,80,66,130,106,132,64,75,53,93,40,33,46,47,29,215,217,235,268,357,327,591,583,727,284,266,254,447,320,424,428,29988,0,0,0,191,-227,-225,-220,-189,-260,-172,-276,-185,-264,-233,-227,-185,-187,-175,-159,-103,-97,-50,-58,-9,-354,-343,-284,-261,-1062,-796,-922,-1208,-1664,-977,-1614,-3008,-2457,-1858,-1827,-883,-2130,-1688,-12797,-12797,-12797,-12797,-12797,-12797,-12797,-12797,-12797,-12797,-12790,-12723,-12598,-12537,-12691,-12794,-11741,-12120,-6787,-6779,-2118,-1804,-1260,0,-2669,-414,-12842,-12842,-12843,-12842,-12844,-12845,-12851,-12851,-12851,-12851,-12851,-12851,-12851,-12851]} 1. d4 Nf6 2. c4 e6 3. Nc3 c5 4. d5 exd5 5. cxd5 d6 6. Nf3 g6 7. Bf4 Bg7 8. h3 O-O 9. e3 a6 10. a4 Qe7 {A61: Modern Benoni: Nf3 without early e4} 11. Be2 Nbd7 12. O-O Ne8 13. Nd2 Ne5 14. a5 {LiveBook: 10 Games} Nc7 {[#]} 15. Nde4 $146 ({Predecessor:} 15. Bg3 f5 16. Qc2 Rb8 17. Rfe1 b5 18. axb6 Rxb6 {1-0 (41) Turov,M (2636)-Bogut,Z (2441) Sibenik 2012}) 15... Rd8 16. Na4 Nb5 17. Rc1 Bf5 18. Nec3 (18. Ng3 {feels hotter.} Bd7 19. Nb6 Rab8 20. Qd2 f5 21. b4) 18... Nxc3 19. Rxc3 Rab8 20. Nb6 h5 21. Bh2 h4 (21... Nd7 $14) 22. e4 $1 $16 {[%cal Re4f5]} Bc8 23. Qc1 (23. Re1 $16) 23... Nd7 $14 24. Nc4 Ne5 $1 25. Nxe5 ({White should try} 25. Rb3 $1 $16) 25... Bxe5 26. Bxe5 Qxe5 27. Qh6 $36 {[%mdl 2048] White has the initiative.} Qe7 $2 (27... b6 $11 {and Black is okay.}) 28. Re3 $18 b6 29. f4 Bf5 30. Rff3 ({Less strong is} 30. Bxa6 c4 $18) 30... Bd7 $2 (30... Bxe4 {was called for.} 31. f5 (31. Bxa6 f5 $11) 31... Re8) 31. f5 bxa5 32. f6 $2 (32. fxg6 {Qh7+ would kill now.} fxg6 33. Qxg6+ Qg7 34. Qh5) 32... Qf8 33. Qxh4 Rxb2 $2 (33... Re8 34. b3 (34. Bxa6 Rxb2 35. Rf4 Rb1+ 36. Kh2 Rb4 $15) 34... Rb4) 34. e5 $1 dxe5 35. Rxe5 {White wants to mate with Rh5!} Qd6 {[#]} (35... Rb4 $18 36. Qg5 Bb5) 36. Rfe3 $2 (36. Rh5 $1 {[%mdl 512] mates} gxh5 37. Qg5+ Kf8 38. Qg7+ Ke8 39. Re3+ Be6 40. Rxe6+ $1 {[%mdl 512]} Kd7 41. Qxf7+ Kc8 42. Bxa6+ Kb8 43. Rxd6 Rxd6 44. Qf8+ Ka7 45. Qxd6 Rb1+ 46. Kh2) 36... Rb1+ $11 37. Kf2 $1 {Threatening mate with Rh5!} Rb6 $2 {[#]} (37... Rb4 $1 $11 38. Qg5 c4) 38. Qg3 $4 {[%mdl 8192]} (38. Re6 $1 $18 {[%cal Re6d6][%mdl 512] was the only winning move.} Bxe6 39. dxe6) 38... Qxf6+ $19 39. Rf3 Qg7 40. Re4 (40. Ree3 $142) 40... Bf5 41. Qc7 (41. Ree3 $142 Rbd6 42. Kg1) 41... Rbd6 42. Ref4 (42. Ree3 $142 Rxd5 43. Qxa5) 42... Rxd5 43. Bc4 Qe5 44. Qxe5 Rxe5 45. g4 Be6 ({Better is} 45... Rd2+ 46. Kg3 Be4 47. Rxf7 Bxf3 48. Rxf3+ Red5 $1 {[%mdl 512]}) 46. Bxe6 $17 Rxe6 47. Rxf7 {[%mdl 4096] Endgame KRR-KRR} Rc6 {White must now prevent ...a4.} (47... Rc8 {with more complications.} 48. Rd7 a4 49. Kg3 g5 50. Rd5 Rg6) 48. Ra7 $2 {[%mdl 8192]} (48. Ke2 $11 {and White stays safe.}) 48... Rf8 $1 $19 49. Rxf8+ Kxf8 {KR-KR} 50. Ke3 $2 (50. Ke2) 50... c4 51. Kd2 a4 {[%cal Ba5a4,Ba4a3,Ba3a2][%mdl 32]} 52. Kc3 a3 {Hoping for ...a2.} 53. Rd7 a2 54. Rd1 Rb6 {( -> ...Rb1)} 55. Ra1 Rb3+ 56. Kxc4 Rb2 $1 57. Kd5 g5 58. Ke6 Rf2 59. Rc1 Kg7 60. Ke5 Rb2 61. Ra1 Kg6 62. Kd6 Rf2 63. Ke6 Re2+ 64. Kd6 Kf7 65. Rf1+ Ke8 66. Ra1 Kd8 67. Rf1 Rd2+ 68. Ke6 {[#]} Kc7 $2 (68... Rf2 $1 $19 {[%mdl 512]} 69. Ra1 (69. Rxf2 a1=Q) 69... Kc7) 69. Ra1 $2 {[%mdl 8192] [#]} (69. Rc1+ $11 Kd8 70. Ra1) 69... Rf2 $1 70. h4 (70. Kd5 $142 Kb6 71. Kc4) 70... gxh4 {Black is clearly winning.} 71. g5 Rg2 72. Kf7 Rxg5 73. Rxa2 Kb6 74. Kf6 Rh5 75. Kg6 Rd5 76. Rh2 Rd4 {Precision: White = 42%, Black = 57%.} 0-1

[Event "XVIII Najdorf Open 2018"]
[Site "Warsaw"]
[Date "2018.07.15"]
[Round "8"]
[White "Zakrzewski, Marek"]
[Black "Dwilewicz, Katarzyna"]
[Result "1-0"]
[WhiteElo "2309"]
[BlackElo "2009"]
[Annotator "TA"]
[PlyCount "101"]
[EventDate "2018.07.08"]
[EventCountry "POL"]
[SourceTitle "playchess.com"]
[Source "ChessBase"]
[SourceQuality "1"]

{[%evp 14,101,20,19,64,52,82,74,125,127,101,99,152,106,124,122,115,127,125,74,83,71,85,86,204,208,255,262,263,0,0,-184,-203,-204,-13,-30,0,0,0,0,0,-156,-159,-342,-269,-282,-229,-232,-244,-220,-207,-353,-51,-70,-58,-65,0,0,0,0,76,69,138,124,120,106,367,350,897,897,1044,724,1056,1047,1083,964,5583,5591,4126,4702,29981,29982,29982,29983,29983,29983,29983,29976,29973,29973]} 1. e4 c5 2. Nf3 d6 3. d4 cxd4 4. Nxd4 Nf6 5. Nc3 a6 6. Bg5 Nbd7 7. Qe2 {B94: Sicilian Najdorf: 6 Bg5 Nbd7} Qa5 8. h4 {LiveBook: 5 Games} e6 $146 ({Predecessor:} 8... h6 9. Bd2 Qc7 10. O-O-O b5 11. g4 Nb6 12. Rg1 e5 13. Nb3 Be6 14. g5 hxg5 15. hxg5 {½-½ (55) Durarbayli,V (2621)-Bu,X (2707) Doha 2014}) 9. O-O-O {White is slightly better.} Be7 10. Kb1 O-O (10... h6 $142 11. Bd2 Qc5) 11. f4 Qc7 12. g4 b5 (12... Re8 $142) 13. Bg2 $36 {[%mdl 2048] Hoping for e5. Black is under strong pressure.} b4 14. Na4 $1 e5 15. Nf5 Re8 16. Nxe7+ (16. Bxf6 $142 Nxf6 17. fxe5 dxe5 18. g5) 16... Rxe7 $16 17. Qd2 Re8 18. Qxd6 Qa5 (18... Ra7 $16) 19. Bxf6 $18 Nxf6 20. Nb6 $1 {[%cal Rb6a8]} Be6 21. b3 $2 ({Only move:} 21. Nxa8 $18 Qxa2+ 22. Kc1) 21... Rab8 $11 22. Nd5 $2 (22. f5 $11) 22... Bxd5 $1 $19 23. exd5 Nxg4 $2 (23... Rbd8 $19 24. Qc6 Rc8) 24. Rhe1 $1 $11 Rbd8 25. Qc6 {Black must now prevent d6.} Rc8 26. Qd7 Qc5 27. Rd2 $2 (27. Qxg4 $11 Qxc2+ 28. Ka1 Qc3+ 29. Kb1 Qc2+ 30. Ka1 Qc3+ 31. Kb1 Qc2+) 27... Ne3 $17 {aiming for ...Red8.} 28. Rc1 $2 (28. fxe5 $17 Nxc2 29. Qxe8+ Rxe8 30. Rxc2) 28... exf4 29. Bf3 Re7 30. Qh3 f5 31. Qh2 Qd6 $1 32. Rd4 (32. Rd3 $142) 32... a5 $2 ({Not} 32... Qc5 33. Qd2 $15) (32... Rec7 $1 $19 {[%cal Rc7c2]} 33. Qxf4 Nxc2 $1 {[%mdl 512]} 34. Rxb4 (34. Qxd6 {gets mated.} Na3+ 35. Kb2 Rc2+ 36. Rxc2 Rxc2+ 37. Ka1 Rc1+ 38. Kb2 Rb1#) 34... Qxb4 35. Qxb4 Nxb4 36. Rxc7 Rxc7) 33. Qxf4 $15 Qxf4 34. Rxf4 Re5 (34... Rc3 $15) 35. Rd4 $11 Kf7 {[#]} 36. a3 $1 {[%mdl 512]} bxa3 (36... Rd8 $11) 37. c4 $1 $16 {[%cal Bc2c4,Bc4c5][%mdl 32]} Ke7 {[#]} (37... Rc5 $1 $14) 38. c5 $1 {[%mdl 1024] And now d6+ would win. White has strong compensation.} Kd7 39. Ka2 h6 $2 {[%mdl 8192] [#]} (39... Ng2 $16) 40. h5 $1 $18 a4 $2 (40... Rc7 41. Kxa3 Ng4) 41. b4 f4 42. Rxf4 Nxd5 43. Rd4 Kc6 44. Rcd1 Re2+ 45. Bxe2 Nc3+ 46. Kxa3 Nxd1 47. Rxd1 {White mates.} Re8 48. Bc4 Re5 49. Rd6+ Kc7 50. Kxa4 Rxh5 51. Rg6 {Precision: White = 74%, Black = 36%.} 1-0

[Event "XVIII Najdorf Open 2018"]
[Site "Warsaw"]
[Date "2018.07.15"]
[Round "8"]
[White "Kucza, Karol"]
[Black "Romanishin, Oleg M"]
[Result "1/2-1/2"]
[WhiteElo "2308"]
[BlackElo "2440"]
[Annotator "TA"]
[PlyCount "32"]
[EventDate "2018.07.08"]
[EventCountry "POL"]
[SourceTitle "playchess.com"]
[Source "ChessBase"]
[SourceQuality "1"]

{[%evp 25,32,42,56,25,35,25,30,7,25]} 1. e4 e5 2. Nf3 Nc6 3. Bb5 a6 4. Ba4 Nf6 5. O-O Be7 6. Re1 d6 7. c3 Bg4 8. h3 Bh5 9. d3 O-O 10. Nbd2 Nd7 11. Nf1 {C87: Closed Ruy Lopez: Steinitz-type lines after 6 Re1 d6} Nc5 12. Bc2 Ne6 13. Ng3 Bg6 {[#] LiveBook: 5 Games} 14. Qe2 $146 ({Predecessor:} 14. Bb3 Na5 15. Bd5 c5 16. a3 Nc7 17. b4 cxb4 18. axb4 Nc6 {0-1 (47) Hovhannisyan,R (2607)-Eljanov,P (2702) Legnica 2013}) 14... Bf6 15. Nh2 Bg5 16. Ng4 Bxc1 1/2-1/2

[Event "XVIII Najdorf Open 2018"]
[Site "Warsaw"]
[Date "2018.07.15"]
[Round "8"]
[White "Szostko, Jakub"]
[Black "Renkowski, Piotr"]
[Result "1-0"]
[WhiteElo "2295"]
[BlackElo "2184"]
[Annotator "TA"]
[PlyCount "87"]
[EventDate "2018.07.08"]
[EventCountry "POL"]
[SourceTitle "playchess.com"]
[Source "ChessBase"]
[SourceQuality "1"]

{[%evp 17,87,10,11,23,12,19,24,25,39,29,100,38,46,-49,-37,-40,-62,-43,-57,-24,-30,-54,-41,-96,-79,-68,-90,-97,-35,-83,-50,-32,-27,-60,-35,-43,-52,-49,-30,-14,0,0,0,-12,-18,-122,-95,-177,-100,-210,-106,-123,-60,-60,76,80,46,-83,23,20,29,23,16,-198,69,73,467,433,29995,29996,29996,29997]} 1. e4 e5 2. Nf3 Nc6 3. Bc4 Bc5 4. O-O Nf6 5. d3 d6 6. c3 O-O {[%cal Be8g8,Bg8g7,Bg7f8][%mdl 32]} 7. Bg5 h6 8. Bh4 g5 {C54: Giuoco Piano: 4 c3 Nf6, main lines with 5 d4 and 5 d3} 9. Bg3 g4 {LiveBook: 5 Games} (9... Kg7 10. Nbd2 a5 11. Re1 Be6 12. Bb5 Ba7 13. Bxc6 bxc6 14. d4 Nh5 15. dxe5 Nxg3 16. hxg3 dxe5 17. Nxe5 {1-0 (29) Anand,V (2758)-Fedoseev,V (2771) Riadh 2017}) 10. Bh4 gxf3 {White has an edge.} 11. Qxf3 Kg7 12. Nd2 $146 Rg8 13. Rfe1 {[%mdl 1024] White has compensation.} Nb8 (13... Bb6 $11) 14. Nf1 ({Much worse is} 14. b4 $6 Bb6 $11) (14. d4 $16 Bb6 15. dxe5 dxe5 16. Nf1) 14... Nbd7 $1 $14 15. Ng3 (15. Rad1 $14) 15... Kf8 $1 $15 16. Nh5 {Threatens to win with d4.} Rg6 17. Rad1 Bb6 18. d4 Qe7 19. h3 c6 20. Ng3 ({Better is} 20. Bb3 $15) 20... Qe8 21. Nf5 Bc7 22. Bb3 Ng8 (22... a5 $17 23. a4 d5 $1 {[%mdl 512]} 24. Bxf6 Rxf6) 23. Qe2 Nb6 24. dxe5 Qxe5 25. Bg3 Qc5 (25... Rxg3 $5 26. Nxg3 Nf6 $11) 26. Qf3 Bxf5 27. exf5 Rf6 28. Bc2 $1 Nc4 29. b4 Qb6 $1 30. Bh4 d5 31. Bxf6 (31. Qh5 $11 {remains equal.} Bf4 32. Bb3) 31... Nxf6 $17 32. g4 (32. Bb3 $17) 32... Ne5 (32... a5 $19 33. bxa5 Qxa5) 33. Qg2 (33. Qg3 $17 {might work better.}) 33... Re8 ({Black should try} 33... a5 $1 $19 34. Kh1 axb4) 34. Kh1 Nh7 (34... Ned7 $17 35. Rxe8+ Nxe8) 35. f4 Nc4 (35... Nd7 $1 $15 {keeps the upper hand.} 36. Rxe8+ Kxe8) 36. Rxe8+ $16 Kxe8 37. g5 (37. Re1+ $14 {stays ahead.} Kf8 38. f6 Nxf6 39. g5 hxg5 40. Qxg5) 37... Bxf4 ({Black should play} 37... Qe3 $1 $17 38. f6 (38. g6 $2 Nf6 $17) 38... hxg5 39. Bxh7 Bxf4) 38. g6 $36 {[%cal Bg5g6,Bg6f7][%mdl 2080] White is pushing.} Nf6 {...Qe3 is the strong threat.} 39. gxf7+ Kf8 $1 {aiming for ...Ne3.} 40. Re1 $2 {[#]} (40. Rg1 $1 $11 {and White stays safe.} Bg5 41. h4 $1 {[%mdl 512]}) 40... Bg5 $2 {[#]} ({Weaker is} 40... Ne3 41. Qf3 $11) (40... Ne5 $1 $19 41. Rg1 Bg5) 41. h4 $1 $14 {[%mdl 512]} Ne3 $2 {[%mdl 8192]} (41... Be3 $16) (41... Bxh4 42. Re8+) 42. Qg3 $18 Nxc2 (42... Bxh4 $18 43. Qxh4 Neg4) 43. Qd6+ Kxf7 44. Re7+ {Precision: White = 36%, Black = 32%.} 1-0

[Event "XVIII Najdorf Open 2018"]
[Site "Warsaw"]
[Date "2018.07.15"]
[Round "8"]
[White "Mehar, Chinna Reddy C.h."]
[Black "Rozentalis, Eduardas"]
[Result "0-1"]
[WhiteElo "2286"]
[BlackElo "2513"]
[Annotator "RC"]
[PlyCount "138"]
[EventDate "2018.07.08"]
[EventCountry "POL"]
[SourceTitle "playchess.com"]
[Source "ChessBase"]
[SourceQuality "1"]

1. d4 Nf6 2. Bf4 g6 3. Nc3 Bg7 4. e4 d6 5. Qd2 c6 6. f3 b5 7. Bh6 Bxh6 8. Qxh6 b4 9. Nce2 Qa5 10. Qd2 Nbd7 11. h4 c5 12. dxc5 Nxc5 13. Nf4 Rb8 14. h5 g5 15. Nd5 Nxd5 16. exd5 h6 17. Bc4 Na4 18. Bb3 O-O 19. f4 g4 20. Ne2 Nxb2 21. a4 Qc5 22. Qd4 Ba6 23. f5 Bxe2 24. Qxc5 dxc5 25. Kxe2 c4 26. Ba2 Rfd8 27. Rh4 Rxd5 28. Rxg4+ Kf8 29. Bxc4 Re5+ 30. Kd2 Nxc4+ 31. Rxc4 Rxf5 32. g4 Rd5+ 33. Kc1 a5 34. Kb2 Rd2 35. Kb3 Rg2 36. Rd1 Rg3+ 37. Rd3 Rxd3+ 38. cxd3 Rd8 39. d4 Rd5 40. Rc8+ Kg7 41. Kc4 e6 42. Rc7 Kf6 43. Rb7 Rg5 44. Ra7 Kg7 45. Ra6 Kf8 46. Ra8+ Ke7 47. Ra7+ Kf6 48. Ra6 Rd5 49. Ra7 Rg5 50. Ra6 b3 51. Kxb3 Rxg4 52. Rxa5 Rxd4 53. Rb5 e5 54. a5 Rd6 55. Kc4 e4 56. Rb6 Ke6 57. Rb8 f5 58. Kb5 Rd1 59. Rf8 Ke5 60. Re8+ Kf4 61. a6 Ra1 62. Kb6 e3 63. Re6 Kf3 64. Rxh6 e2 65. Re6 e1=Q 66. Rxe1 Rxe1 67. a7 Re8 68. h6 Kg4 69. h7 Rh8 0-1

[Event "XVIII Najdorf Open 2018"]
[Site "Warsaw"]
[Date "2018.07.15"]
[Round "8"]
[White "Sliwicka, Alicja"]
[Black "Percivaldi, Martin"]
[Result "1/2-1/2"]
[WhiteElo "2274"]
[BlackElo "2393"]
[Annotator "TA"]
[PlyCount "113"]
[EventDate "2018.07.08"]
[EventCountry "POL"]
[SourceTitle "playchess.com"]
[Source "ChessBase"]
[SourceQuality "1"]

{[%evp 17,113,0,0,-29,-15,-24,-29,-27,-6,-12,-5,0,-16,-25,0,-20,0,-35,-32,-51,-34,-44,-39,-47,-38,-47,-55,-58,-18,-30,-18,-22,-14,-27,-22,-15,-7,-47,-29,-54,-61,-56,-41,-94,-96,-95,-94,-94,-88,-88,-91,-87,-92,-87,-39,-32,-38,-45,-27,-31,-38,-32,-15,-15,0,0,0,0,0,0,0,0,0,-8,-8,-8,-8,-8,-8,-8,-7,-8,-8,-8,-8,-8,0,0,0,0,0,0,0,0,0,0,0,0]} 1. e4 {Edouard,R} e6 2. d4 d5 3. Nc3 Bb4 4. a3 Bxc3+ 5. bxc3 dxe4 6. Qg4 Nf6 7. Qxg7 Rg8 8. Qh6 Bd7 {C15: French: 3 Nc3 Bb4: Unusual White 4th moves} 9. Ne2 {[%cal Bg1e2,Be2g3,Bg3e4][%mdl 32]} Ba4 {LiveBook: 3 Games} 10. Bg5 $146 ({Predecessor:} 10. Qd2 c5 11. dxc5 Qxd2+ 12. Bxd2 Nbd7 13. Nd4 Nxc5 14. Bb5+ Bxb5 15. Nxb5 Ke7 16. O-O {0-1 (34) Abergel,T (2450)-Edouard,R (2641) Llucmajor 2016 CBM 173 [Edouard,R]}) 10... Nbd7 {Black has an edge.} 11. Ng3 Rg6 12. Qh4 Bxc2 (12... c5 {with more complications.} 13. Rc1 Qa5 14. Bd2 O-O-O 15. Be2 Bc6) 13. Rc1 Bd3 14. Bxd3 exd3 15. O-O Qe7 16. Ne4 O-O-O $36 {[%mdl 2048] Black has good play.} 17. Bxf6 Nxf6 18. Rfd1 d2 19. Rb1 Rd5 {[#] Threatens to win with ...Rh5.} 20. Nxf6 ({Avoid the trap} 20. Rxd2 $2 Rh5 $19) 20... Qxf6 21. Qxf6 Rxf6 22. Rxd2 $15 {[%mdl 4096] Endgame KRR-KRR} c5 23. Rbd1 Rf4 24. f3 Rff5 25. Kf2 Rh5 26. h3 c4 27. Ke3 Rb5 28. d5 Rhxd5 29. Rxd5 exd5 {KR-KR} ({Of course not} 29... Rxd5 $6 30. Rxd5 exd5 31. Kd4 $14) 30. Kd4 (30. a4 $15 Ra5 31. Kd4) 30... Kd7 31. a4 Ra5 32. Re1 Rxa4 {And now ...Kc6 would win.} 33. Kxd5 Ra2 34. g4 Rh2 35. Rb1 Kc7 36. Rb4 Rxh3 37. Rxc4+ Kd7 38. Rb4 b6 39. Ra4 Rxf3 {[#] Strongly threatening ...a5.} 40. Rxa7+ {The position is equal.} Kc8 41. c4 h6 42. c5 bxc5 43. Kxc5 Kd8 44. Kd6 {[%cal Ra7a8]} Rf6+ 45. Ke5 Re6+ 46. Kf5 Ke8 47. g5 hxg5 48. Kxg5 Re1 49. Kf6 Rf1+ 50. Ke5 Kf8 51. Ra2 Kg7 52. Rg2+ Kh6 53. Rg8 f5 54. Kf6 {[%cal Rg8h8]} Kh5 55. Rg5+ Kh4 56. Rxf5 Rxf5+ 57. Kxf5 {Precision: White = 66%, Black = 63%.} 1/2-1/2